Permainan daerah

Bibliographic Details
Main Author: Jasiman Ahmad
Format: Book
Published: Kuala Lumpur : Goodmark Enterprise , 2004
Series:Siri permainan traditional
Subjects:

MARC

LEADER 00000cam a2200000 7i4500
001 0000004605
005 20151222.0
008 070730
020 |a 983057332X 
090 0 0 |a CUS   |b MAL 
100 0 |a Jasiman Ahmad 
245 1 0 |a Permainan daerah   |c Jasiman Ahmad 
260 |a Kuala Lumpur :   |b Goodmark Enterprise ,   |c 2004 
440 0 |a Siri permainan traditional 
500 |a Children ages 10-12 years old (pink) 
650 0 |a Games   |x Custom 
650 0 |a Games   |x Traditional 
999 |a 0000013585   |b Book   |c Children Collection   |e Cawangan Taman Universiti 
999 |a 0000013586   |b Book   |c Children Collection   |e Cawangan Taman Universiti 
999 |a 0000013587   |b Book   |c Children Collection   |e Cawangan Taman Universiti 
999 |a 0000978495   |b Book   |c Children Collection   |e Cawangan Pontian 
999 |a 0000978496   |b Book   |c Children Collection   |e Cawangan Bukit Gambir 
999 |a 0000978497   |b Book   |c Children Collection   |e Cawangan Kota Tinggi 
999 |a 0000978498   |b Book   |c Children Collection   |e Cawangan Kota Tinggi 
999 |a 0000978499   |b Book   |c Children Collection   |e Cawangan Muar 
999 |a 000912367   |b Book   |c Teenagers   |e Cawangan Bandar Tenggara